Verde agua / (Record no. 181950)
[ view plain ]
| 000 -LEADER | |
|---|---|
| campo de control de longitud fija | 00941nam a2200265 i 4500 |
| 001 - NÚMERO DE CONTROL | |
| campo de control | 181950 |
| 003 - IDENTIFICADOR DE NÚMERO DE CONTROL | |
| campo de control | ES-MaACL |
| 005 - FECHA Y HORA DE LA ÚLTIMA TRANSACCIÓN | |
| campo de control | 20250910063131.0 |
| 008 - DATOS DE LONGITUD FIJA--INFORMACIÓN GENERAL | |
| campo de control de longitud fija | 130509s2009 sp | |||| ||spa d |
| 020 ## - NÚMERO INTERNACIONAL ESTÁNDAR DEL LIBRO | |
| Número Internacional Estándar del Libro | 978-84-95587-02-2 |
| 080 ## - NÚMERO DE LA CLASIFICACIÓN DECIMAL UNIVERSAL | |
| Número de la Clasificación Decimal Universal | 821.131.1-31"19" |
| 100 1# - ENTRADA PRINCIPAL--NOMBRE DE PERSONA | |
| Nombre de persona | Madieri, Marisa, |
| Fechas asociadas al nombre | 1938-1996 |
| 9 (RLIN) | 152755 |
| 245 10 - MENCIÓN DEL TÍTULO | |
| Título | Verde agua / |
| Mención de responsabilidad, etc. | Marisa Madieri ; traducción de Valeria Bergalli ; posfacio de Claudio Magris. |
| 250 ## - MENCION DE EDICION | |
| Mención de edición | 1ª ed., 6ª reimp. |
| 260 ## - PUBLICACIÓN, DISTRIBUCIÓN, ETC. | |
| Lugar de publicación, distribución, etc. | Barcelona : |
| Nombre del editor, distribuidor, etc. | Minúscula, |
| Fecha de publicación, distribución, etc. | 2009. |
| 300 ## - DESCRIPCIÓN FÍSICA | |
| Extensión | 203 p. ; |
| Dimensiones | 17 cm. |
| 490 1# - MENCIÓN DE SERIE | |
| Mención de serie | Paisajes narrados ; |
| Designación de volumen o secuencia | 2 |
| 700 1# - ENTRADA AGREGADA--NOMBRE PERSONAL | |
| Nombre de persona | Bergalli, Valeria. |
| 9 (RLIN) | 152756 |
| 700 0# - ENTRADA AGREGADA--NOMBRE PERSONAL | |
| Nombre de persona | Magris, Claudio. |
| 9 (RLIN) | 75515 |
| 830 0# - PUNTO DE ACCESO ADICIONAL DE SERIE-TÍTULO UNIFORME | |
| Título uniforme | Paisajes narrados ; |
| Designación de volumen o secuencia | 2 |
| 9 (RLIN) | 180648 |
| 852 ## - LOCALIZACIÓN | |
| Ubicación | ES-MaACL |
| Número de control de estantería | A-12653 |
| itemnumber | 188859 |
| Sublocalización o colección | R.148607 |
| Ubicación en estantería | Depósito 1 |
| Signatura antigua | Olim: N-5654 |
| Encuadernación | Donación: José Luis Abellán |
| 903 ## - NOMBRE PERSONAL DE DONANTE | |
| a | Abellán, José Luis, |
| d | 1933-2023 |
| e | Donante |
| q | 1 |
| 9 | 176509 |
| 942 ## - ELEMENTOS DE ENTRADA SECUNDARIOS (KOHA) | |
| Fuente del sistema de clasificación o colocación | Clasificación decimal universal |
| Tipo de ítem Koha | Libro impreso |
| Estatus retirado | Estado de pérdida | Fuente del sistema de clasificación o colocación | Estado de daño | No para préstamo | Biblioteca de origen | Biblioteca actual | Ubicación en estantería | Fecha de adquisición | Fuente de adquisición | Total de préstamos | Signatura topográfica completa | Código de barras | Visto por última vez | Precio de reemplazo | Tipo de ítem Koha |
|---|---|---|---|---|---|---|---|---|---|---|---|---|---|---|---|
| Clasificación decimal universal | Biblioteca del Ateneo de Madrid | Biblioteca del Ateneo de Madrid | Depósito 1 | 09/05/2013 | Donación | A-12653 | 1191210 | 23/02/2023 | 23/02/2023 | Libro impreso |
